00425 2200169 4500245005600000020001800056250001100074100002300085700002600108650002000134005001900154260002800173041001400201084000800215300002300223336000900246 aEmpat Cinta Menatap OperacZheitta Vazza DevihText a979-759-396-4 aCet. 1 aZheitta Vazza Devi aA. Ariobimo Nusantara aNovel Indonesia a20230125092031 aJakartabGrasindoc2006 aIndonesia a813 a247 hlm. :c19 cm. atext